Cambio organizacional (Registro nro. 13693)
[ vista simple ]
| 000 -Cabecera | |
|---|---|
| Campo de control de longitud fija | 00834nam a22003137a 4500 |
| 005 - Fecha y hora de la última transacción | |
| Campo de control | 20241017174224.0 |
| 008 - Elementos de longitud fija--Información general | |
| Campo de control de longitud fija | 241017b2019 |||||||| |||| 00| 0 spa d |
| 020 ## - International Standard Book Number | |
| Número Internacional Estándar del Libro (ISBN) | 9789968487863 |
| 041 ## - Idioma | |
| Código de idioma | Español |
| 082 ## - Clasificación Decimal Dewey | |
| Número de clasificación | 658.406 S194c |
| 100 ## - Entrada principal--Autor personal | |
| Nombre personal | Sanbria Aguilar, Marco Antonio |
| 245 ## - Título propiamente dicho | |
| Título | Cambio organizacional |
| 260 ## - Pie de imprenta | |
| Lugar de publicación, distribución, etc. | Costa Rica |
| 260 ## - Pie de imprenta | |
| Nombre del editor, distribuidor, etc. | EUNED |
| 260 ## - Pie de imprenta | |
| Fecha de publicación, distribución, etc. | 2019 |
| 300 ## - Descripción física | |
| Extensión | 328 páginas |
| 650 ## - Materia general | |
| Temática (materia general) | CAMBIO EN ORGANIZACIONES |
| 650 ## - Materia general | |
| Temática (materia general) | CULTURA ORGANIZACIONAL |
| 650 ## - Materia general | |
| Temática (materia general) | ESTRUCTURA ORGANIZACIONAL |
| 650 ## - Materia general | |
| Temática (materia general) | COMPORTAMIENTO HUMANO |
| 650 ## - Materia general | |
| Temática (materia general) | TRANSFORMACIONES ORGANIZACIONALES |
| 650 ## - Materia general | |
| Temática (materia general) | CICLO DE VIDA DE LAS ORGANIZACIONES |
| 650 ## - Materia general | |
| Temática (materia general) | CRECIMIENTO |
| 650 ## - Materia general | |
| Temática (materia general) | ENVEJECIMIENTO |
| 650 ## - Materia general | |
| Temática (materia general) | LIDERAR EL CAMBIO |
| 650 ## - Materia general | |
| Temática (materia general) | CAMBIO ADAPTATIVO |
| 942 ## - Punto de acceso adicional KOHA | |
| Fuente del sistema de clasificación o colocación | Dewey Decimal Classification |
| Tipo de ítem KOHA | Libro |
| Signatura completa | Código de barras | Programa Académico | Tipo de ítem |
|---|---|---|---|
| 658.406 S194c | 25903 | Dirección y Administración de Empresas | Libro |